| 000 | 01589nam a2200337 a 4500 | ||
|---|---|---|---|
| 001 | 60510 | ||
| 003 | BD-RjUL | ||
| 005 | 20211209080843.0 | ||
| 008 | 170101s1994 bg b s o000 0 eng d | ||
| 020 |
_a9845081274 _c: Tk. 400.00 (Inland) |
||
| 020 |
_a9845081274 _c: Complimentary |
||
| 035 | _a(BD-RjUL)60634 | ||
| 035 | _a(OCoLC)ocm27450619 | ||
| 035 | _a(NNC)1450898 | ||
| 040 |
_aDLC _cDLC _dDLC _dBD-RjUL _beng |
||
| 041 | 0 | _aengben | |
| 082 |
_223 _a304.6095492021 _bCHA 1994 (CS) |
||
| 110 |
_aBangladesh Bureau Of Statistics. _9179266 |
||
| 245 | 1 | 0 |
_aBangladesh population census, 1991 = বাংলাদেশ আদমশুমারী, ১৯৯১ : _bCommunity series, Zila: Chandpur = কমিউনিটি সিরিজ, জেলা: চাঁদপুর / _cBangladesh Bureau Of Statistics. |
| 246 |
_aবাংলাদেশ আদমশুমারী, ১৯৯১ : _bকমিউনিটি সিরিজ, জেলা: চাঁদপুর |
||
| 260 |
_aDhaka : _bBBS, _c1994. |
||
| 300 |
_axiv, 230 p. : _bill. ; _c28 cm. |
||
| 490 | _aCommunity series, Zila: Chandpur | ||
| 490 | _aকমিউনিটি সিরিজ, জেলা: চাঁদপুর | ||
| 500 | _aPrefatory matter in Bengali and English. | ||
| 651 |
_aBangladesh _zChandpur _vCensus, 1991 _9180147 |
||
| 651 |
_aBangladesh _zChandpur _xPopulation _vStatistics _9180148 _y1991 |
||
| 830 |
_aCommunity series, Zila: Chandpur _9190066 |
||
| 830 |
_aকমিউনিটি সিরিজ, জেলা: চাঁদপুর _9179981 |
||
| 942 |
_2ddc _cRAR |
||
| 999 |
_c60510 _d60510 |
||